ROBERTS & HEDGES' CLINICAL PROCEDURES IN EMERGENCY MEDICINE ACUTE CARE (Record no. 30862)

MARC details
000 -LEADER
fixed length control field 00491nam a22001697a 4500
003 - CONTROL NUMBER IDENTIFIER
control field SGT
020 ## - INTERNATIONAL STANDARD BOOK NUMBER
International Standard Book Number 9780323354783
082 ## - DEWEY DECIMAL CLASSIFICATION NUMBER
Classification number 616.025
Item number R19R
100 ## - MAIN ENTRY--PERSONAL NAME
Personal name ROBERTS, JAMES R.
245 ## - TITLE STATEMENT
Title ROBERTS & HEDGES' CLINICAL PROCEDURES IN EMERGENCY MEDICINE ACUTE CARE
250 ## - EDITION STATEMENT
Edition statement 7TH
260 ## - PUBLICATION, DISTRIBUTION, ETC. (IMPRINT)
Place of publication, distribution, etc PHILADELPHIA
Name of publisher, distributor, etc ELSEVIER PUB
Year of Publication 2019
300 ## - PAGE DESCRIPTION
No. of Pages 1581
650 ## - SUBJECT ADDED ENTRY--TOPICAL TERM
Topical term or geographic name as entry element EMERGENCY MEDICINE
653 ## - KEYWORDS--INDEX TERM
Keyword term ROBERTS & HEDGES' CLINICAL PROCEDURES IN EMERGENCY MEDICINE ACUTE CARE
942 ## - ADDED ENTRY ELEMENTS (KOHA)
Source of classification or shelving scheme Dewey Decimal Classification
Koha item type Books
Holdings
Withdrawn status Lost status Source of classification or shelving scheme Damaged status Not for loan Collection code Home library Current library Shelving location Date acquired Vendor Name Cost, normal purchase price SGTU Bill Number Total Checkouts Full call number Accession No. (Barcode) Date last seen Bill Date Koha item type
    Dewey Decimal Classification   Not For Loan MEDICAL SGT Medical Library SGT Medical Library Reference Book 23/03/2025 ABC DELHI 20921.00 SGTU 20800   616.025 R19R FM15151 16/04/2025 23/03/2025 Books
    Dewey Decimal Classification   Not For Loan MEDICAL SGT Medical Library SGT Medical Library Reference Book 23/03/2025 ABC DELHI 20921.00 SGTU 20800   616.025 R19R FM15152 16/04/2025 23/03/2025 Books